| 000 | 00746nam a22002057a 4500 | ||
|---|---|---|---|
| 005 | 20220502120047.0 | ||
| 008 | 220502b ||||| |||| 00| 0 eng d | ||
| 020 | _a9781484241493 | ||
| 040 | _cAIMIT LIBRARY | ||
| 082 |
_21 _a621.367 _bSINH |
||
| 100 |
_aSingh, Himanshu. _933091 |
||
| 245 |
_aPractical machine learning and image processing : _bfor facial recognition object detection and pattern recognition using python / _cby Singh, Himanshu. |
||
| 250 | _a1st ed. | ||
| 260 |
_aLondon : _bApress , _c2022. |
||
| 300 |
_axv,169p. ; _bPB _c24.5 cm. |
||
| 650 |
_aIntroduction to image processing _933092 |
||
| 650 |
_aBasics of python and scikit image _933093 |
||
| 650 |
_aReal time use cases _933094 |
||
| 942 |
_2ddc _cBK _e1st _k621.367 SINH |
||
| 999 |
_c222752 _d222752 |
||